Correctional administration: (Record no. 1928)
[ view plain ]
| 000 -LEADER | |
|---|---|
| fixed length control field | 00596nam a22001697a 4500 |
| 008 - FIXED-LENGTH DATA ELEMENTS--GENERAL INFORMATION | |
| fixed length control field | 160421b xxu||||| |||| 00| 0 eng d |
| 020 ## - INTERNATIONAL STANDARD BOOK NUMBER | |
| International Standard Book Number | 9789719365563 |
| 082 ## - DEWEY DECIMAL CLASSIFICATION NUMBER | |
| Edition number | 2007 |
| Classification number | DFil 365 |
| Item number | F76c |
| 100 ## - MAIN ENTRY--PERSONAL NAME | |
| 9 (RLIN) | 6161 |
| Personal name | Foronda, Mercedes A. |
| 245 ## - TITLE STATEMENT | |
| Title | Correctional administration: |
| Remainder of title | institutional corrections/ |
| Statement of responsibility, etc. | Mercedes A. Foronda |
| 260 ## - PUBLICATION, DISTRIBUTION, ETC. (IMPRINT) | |
| Place of publication, distribution, etc. | Quezon City: |
| Name of publisher, distributor, etc. | Wiseman's Books Trading, |
| Date of publication, distribution, etc. | c2007. |
| 300 ## - PHYSICAL DESCRIPTION | |
| Extent | vi, 271 pages: |
| Dimensions | 24 cm. |
| 650 #0 - SUBJECT ADDED ENTRY--TOPICAL TERM | |
| 9 (RLIN) | 6162 |
| Topical term or geographic name as entry element | Corrections |
| General subdivision | Administration |
| 650 #0 - SUBJECT ADDED ENTRY--TOPICAL TERM | |
| 9 (RLIN) | 6163 |
| Topical term or geographic name as entry element | Correctional institutions |
| General subdivision | Administration |
| 650 #0 - SUBJECT ADDED ENTRY--TOPICAL TERM | |
| 9 (RLIN) | 6164 |
| Topical term or geographic name as entry element | Prison administration |
| 942 ## - ADDED ENTRY ELEMENTS (KOHA) | |
| Source of classification or shelving scheme | Dewey Decimal Classification |
| Koha item type | Filipiniana |
| Withdrawn status | Lost status | Source of classification or shelving scheme | Damaged status | Not for loan | Collection code | Home library | Current library | Date acquired | Source of acquisition | Total Checkouts | Full call number | Barcode | Date last seen | Date last checked out | Price effective from | Koha item type |
|---|---|---|---|---|---|---|---|---|---|---|---|---|---|---|---|---|
| Dewey Decimal Classification | Filipiniana | UM Digos College - LIC | UM Digos College - LIC | 09/18/2009 | Purchased | 1 | DFil 365 F76c 2007 | 20512 | 05/15/2025 | 08/26/2017 | 04/21/2016 | Filipiniana |
